000 00365nam a2200145Ia 4500
008 191201s2005 xx 000 0 und d
082 _a621.384
_bRAW
100 _aRAPPAPORT, Theodore S
245 0 _aWireless Communications: Principles and Practice
250 _a2nd
260 _aN.Delhi
_bPHI
_c2005
300 _a709
650 _aB.Tech(ECE)
942 _2ddc
_cBK
999 _c1804
_d1804